00299nam a22001217a 4500008004100000082001200041100001600053245003400069260002900103270002700132300001000159490000800169230822b ||||| |||| 00| 0 eng d a920-VER aVerma, B.G. aOur Leaders (Part-3)hEnglish aDelhibA.I.C.B. cRohini aA.I.C.B. Rohini, Delhi a12x13 v1-2